20 Best Disney Animated Movies - Statistics

General Stats
  • This quiz has been taken 115 times
  • The average score is 10 of 20
Answer Stats
Year Rating
(%)
Movie % Correct
1994 84.7 The Lion King
94%
1991 79.1 Beauty and the Beast
76%
1989 75 The Little Mermaid
69%
1992 79 Aladdin
64%
2010 78.7 Tangled
64%
1998 80 Mulan
62%
2016 75.2 Moana
60%
1967 75 The Jungle Book
49%
2009 75.5 The Princess and the Frog
46%
2016 77.5 Zootopia
46%
2025 76 Zootopia 2
46%
1940 77.6 Fantasia
45%
1997 74.9 Hercules
44%
2012 74.5 Wreck-It Ralph
36%
1973 75 Robin Hood
33%
2002 77.7 Lilo & Stitch
32%
1951 74.4 Alice in Wonderland
29%
2014 77.3 Big Hero 6
29%
1977 75.1 The Many Adventures of Winnie the Pooh
21%
2002 75.2 Treasure Planet
20%
No matching quizzes found
Score Distribution
Percent of People with Each Score
Percentile by Number Answered
Your Score History
You have not taken this quiz